00434nam a2200193Ia 4500003000900000008004100009040001300050040001300063041000800076100002900084245002900113250001100142260002100153260000900174300001100183300001000194490003000204490000600234IT-RoPAU120407s9999 xx 000 0 und d aIT-RoPAU cIT-RoPAU aita aFrancesco Licinio Galati aSul filo della speranza. aMilano aEdizioni Paoline c1991 a336 p. c18 cm aLa parola e le parole, 19 v1